| 000 -CABECERA |
| Longitud fija campo de control |
00609nam a2200169 a 4500 |
| 001 - NÚMERO DE CONTROL |
| Número de control |
3713 |
| 003 - IDENTIFICADOR DEL NÚMERO DE CONTROL |
| Identificador del número de control |
CDMR |
| 005 - FECHA Y HORA DE LA ÚLTIMA TRANSACCIÓN |
| Fecha y hora de la última transacción |
20151016124802.0 |
| 008 - CÓDIGOS DE INFORMACIÓN DE LONGITUD FIJA |
| Códigos de información de longitud fija |
130130s1977||||||||||||||||||||||||||||d |
| 020 ## - NÚMERO INTERNACIONAL NORMALIZADO PARA LIBROS |
| Número Internacional Normalizado para Libros (ISBN) |
8450025559 |
| 040 ## - FUENTE DE LA CATALOGACIÓN |
| Centro catalogador de origen |
CDMR |
| Lengua de catalogación |
cat |
| Centro transcriptor |
CDMR |
| 111 2# - PUNTO DE ACCESO PRINCIPAL-NOMBRE DE CONGRESO |
| Nombre de congreso o jurisdicción como elemento de entrada |
Semana Internacional de Estudios Superiores de Televisión |
| Sede del congreso |
Madrid |
| Fecha del congreso |
1977 |
| Número del congreso o número de parte o sección de la obra |
5ª |
| 9 (RLIN) |
1189 |
| 245 10 - MENCIÓN DE TÍTULO |
| Título |
V Semana Internacional de Estudios Superiores de Televisión |
| Resto del título |
: Madrid 23-26 mayo 1977 |
| 260 ## - PUBLICACIÓN, DISTRIBUCIÓN, ETC. (PIE DE IMPRENTA) |
| Lugar de publicación, distribución, etc. |
Madrid |
| Fecha de publicación, distribución, etc. |
1977 |
| Nombre del editor, distribuidor, etc. |
Instituto Oficial de Radiodifusión y Televisión |
| 710 2# - PUNTO DE ACCESO ADICIONAL - NOMBRE DE ENTIDAD |
| 9 (RLIN) |
2097 |
| Nombre de entidad o nombre de jurisdicción como elemento inicial |
Instituto Oficial de Radio y Televisión (Espanya) |
| 942 ## - ENTRADA DE ELEMENTOS AGREGADOS (KOHA) |
| Koha [por defecto] tipo de item |
Monografies |
| Fuente de clasificaión o esquema |
|